The Sunlight Slayings / (Record no. 5054)

MARC details
000 -LEADER
fixed length control field 01512nam a22002897a 4500
001 - CONTROL NUMBER
control field 5054
003 - CONTROL NUMBER IDENTIFIER
control field FISKH
005 - DATE AND TIME OF LATEST TRANSACTION
control field 20241104111643.0
008 - FIXED-LENGTH DATA ELEMENTS--GENERAL INFORMATION
fixed length control field 241104b cb ||||| |||| 00| 0 eng d
020 ## - INTERNATIONAL STANDARD BOOK NUMBER
International Standard Book Number 9780545058025
040 ## - CATALOGING SOURCE
Original cataloging agency FISKH
Language of cataloging eng
Transcribing agency FISKH
Modifying agency FISKH
050 ## - LIBRARY OF CONGRESS CALL NUMBER
Classification number PZ5.E447
082 ## - DEWEY DECIMAL CLASSIFICATION NUMBER
Classification number 813.6
100 ## - MAIN ENTRY--PERSONAL NAME
Personal name Emerson, Kevin
245 ## - TITLE STATEMENT
Title The Sunlight Slayings /
Statement of responsibility, etc. by Kevin Emerson
250 ## - EDITION STATEMENT
Edition statement First printing , November 2008
260 ## - PUBLICATION, DISTRIBUTION, ETC.
Place of publication, distribution, etc. New York :
Name of publisher, distributor, etc. Scholastic ;
Date of publication, distribution, etc. 2008 .
300 ## - PHYSICAL DESCRIPTION
Extent 218 pages :
Other physical details illustrations ;
Dimensions 20 cm .
490 ## - SERIES STATEMENT
Series statement Oliver Nocturne
Volume/sequential designation Book 2
505 ## - FORMATTED CONTENTS NOTE
Formatted contents note R <br/>
520 ## - SUMMARY, ETC.
Summary, etc. When a vampire's best friends are a human and a zombie, he's bound to feel like a freak Two months after Dean's death, Oliver is a hero in the vampire world. But even though he wasn't responsible, he's having trouble sleeping and has never felt more alone. Surprisingly, Dean returns--as a zombie, no less--and though Oliver is glad to have his friend back, they need to hurry; someone has been slaying vampire children, and all the evidence points to Emalie. Can Oliver and Dean find her before the vampires do? Their search takes them deep into the underground black market and high into the Seattle night. As they discover the powerful forces behind the sunlight slayings, Oliver finds that it's all intricately tied to a future he doesn't want.
521 8# - TARGET AUDIENCE NOTE
Target audience note 730 <br/>
Source Lexile <br/>
521 8# - TARGET AUDIENCE NOTE
Target audience note R <br/>
Source Raz-Plus <br/>
650 ## - SUBJECT ADDED ENTRY--TOPICAL TERM
Topical term or geographic name entry element zombies
Form subdivision fiction
942 ## - ADDED ENTRY ELEMENTS (KOHA)
Source of classification or shelving scheme Dewey Decimal Classification
Koha item type Books
Suppress in OPAC No
Holdings
Withdrawn status Lost status Source of classification or shelving scheme Damaged status Not for loan Collection Home library Current library Shelving location Date acquired Total Checkouts Full call number Barcode Date last seen Price effective from Koha item type
    Dewey Decimal Classification     Fiction Footprints International School Library Network Toul Kork Campus Footprints International School Library Network Toul Kork Campus TTP Primary Orange Bookshelves 11/04/2024   EME 813.6 PZ5.E447 FISSE00195 11/04/2024 11/04/2024 Books